Politics of the Western Indian ocean islands (Record no. 351071)

000 -LEADER
fixed length control field 00599cam a22001697a 4500
008 - FIXED-LENGTH DATA ELEMENTS--GENERAL INFORMATION
fixed length control field 180718b1975 xxu||||| |||| 00| 0 eng d
082 ## - DEWEY DECIMAL CLASSIFICATION NUMBER
Classification number F5x69 Os7
245 ## - TITLE STATEMENT
Title Politics of the Western Indian ocean islands
Statement of responsibility, etc. edited by J.M. Ostheimer
260 ## - PUBLICATION, DISTRIBUTION, ETC.
Place of publication, distribution, etc. New York
Name of publisher, distributor, etc. Praeger
Date of publication, distribution, etc. 1975
300 ## - PHYSICAL DESCRIPTION
Extent 260p.
650 ## - SUBJECT ADDED ENTRY--TOPICAL TERM
Topical term or geographic name entry element Seychelles --Politics and government --To 19
650 ## - SUBJECT ADDED ENTRY--TOPICAL TERM
Topical term or geographic name entry element Reᄡunion --Politics and government
650 ## - SUBJECT ADDED ENTRY--TOPICAL TERM
Topical term or geographic name entry element Maldives --Politics and government
650 ## - SUBJECT ADDED ENTRY--TOPICAL TERM
Topical term or geographic name entry element Comoros --Politics and government
650 ## - SUBJECT ADDED ENTRY--TOPICAL TERM
Topical term or geographic name entry element Madagascar --Politics and government --1960-1991
700 ## - ADDED ENTRY--PERSONAL NAME
Personal name Ostheimer, John M.
Holdings
Withdrawn status Lost status Damaged status Not for loan Permanent Location Current Location Date acquired Full call number Barcode Date last seen Price effective from Koha item type
        Indian Institute of Public Administration Indian Institute of Public Administration 1993-11-10 F5x69 Os7 52100 2018-07-21 2018-07-21 Book

Powered by Koha